| 000 | 00905nam a22001935i 4500 | ||
|---|---|---|---|
| 001 | 154882 | ||
| 003 | ES-MaACL | ||
| 005 | 20251001150121.0 | ||
| 008 | 990721s1877 sp |||| | spa d | ||
| 040 |
_aCCPB | B _bspa _cCCPB | B |
||
| 245 | 0 | 0 |
_aGuía estadística del notariado español publicada por la redacción de la Gaceta del Notariado comprensiva de la demarcación y cuerpo notarial de España / _cdirector José Gonzalo de las Casas. |
| 260 |
_aMadrid : _bOficinas del Centro Notarial de España, _c1877. |
||
| 300 |
_a204 p. ; _c21 cm. |
||
| 500 | _aEn anteportada: Guía estadística del notariado español publicada. | ||
| 650 | 4 |
_aNotarios- _zEspaña- _vGuías- _y1877. _9136603 |
|
| 700 | 1 |
_aCasas y Quijano, José Gonzalo de las, _d1826-1894 _9127392 |
|
| 852 |
_aES-MaACL _jT-269-F-1 _z-- Enc. hol., falto de la cub. original _z-- Enc. en un vol. facticio |
||
| 999 |
_c154882 _d154882 |
||